Triple Centuries in Test Cricket - Statistics

General Stats
  • This quiz has been taken 57 times
  • The average score is 21 of 31
Answer Stats
No of runs Answer Country Opponent % Correct
375 Brian Lara West Indies England
93%
400* Brian Lara West Indies England
93%
334 Donald Bradman Australia England
93%
306 Donald Bradman Australia England
93%
380 Matthew Hayden Australia Zimbabwe
90%
365* Garfield Sobers West Indies Pakistan
88%
335* David Warner Australia Pakistan
85%
334* Mark Taylor Australia Pakistan
85%
319 Kumar Sangakkara Sri Lanka Bangladesh
83%
317 Chris Gayle West Indies South Africa
80%
333 Chris Gayle West Indies Sri Lanka
80%
329* Michael Clarke Australia India
78%
309 Virender Sehwag India Pakistan
78%
319 Virender Sehwag India South Africa
78%
311* Hashim Amla South Africa England
75%
302 Brendon McCullum New Zealand India
73%
340 Sanath Jayasuriya Sri Lanka India
73%
313 Younis Khan Pakistan Sri Lanka
73%
333 Graham Gooch England India
70%
364 Len Hutton England Australia
70%
329 Inzamam-ul-haq Pakistan New Zealand
63%
303* Karun Nair India England
60%
336* Wally Hammond England New Zealand
60%
337 Hanif Mohammed Pakistan West Indies
58%
311 Bob Simpson Australia England
53%
302* Azhar Ali Pakistan West Indies
48%
325 Andy Sandham England West Indies
45%
302 Lawrence Rowe West Indies England
43%
310* John Edrich England New Zealand
40%
307 Bob Cooper Australia England
20%
374 Mahela Jayawerdena Sri Lanka South Africa
10%
No matching quizzes found
Score Distribution
Percent of People with Each Score
Percentile by Number Answered
Your Score History
You have not taken this quiz